00398nam a22001457a 450000500170000000800410001704100130005808200130007110000130008424500370009725000190013426000500015330000240020365000250022720240829075618.0240829b |||||||| |||| 00| 0 eng d aEnglish  a349 HAL  lEnglish  aHalsbury's Laws of England 1955  aThird Edition  aLondon: bButterworth and Company Ltd, c1955 b44 pages; c26 cm.  aLegal practice bLaw